University Home | Library Home | Institutional Repository

The history of the Universities' Mission to Central Africa, 1859 -1898 / (Record no. 216604)

MARC details
000 -LEADER
fixed length control field 00952nam a22002537a 4500
005 - DATE AND TIME OF LATEST TRANSACTION
control field 20260415090213.0
008 - FIXED-LENGTH DATA ELEMENTS--GENERAL INFORMATION
fixed length control field 260415b |||||||| |||| 00| 0 eng d
040 ## - CATALOGING SOURCE
Original cataloging agency LC
Transcribing agency UNZA
Modifying agency UNZA
Description conventions RDA
050 ## - LIBRARY OF CONGRESS CALL NUMBER
Classification number ZAMB BV 3625
Item number AND 1899
100 ## - MAIN ENTRY--PERSONAL NAME
Personal name Anderson-Morshead, A. E. M.
245 ## - TITLE STATEMENT
Title The history of the Universities' Mission to Central Africa, 1859 -1898 /
Statement of responsibility, etc. ,A. E. M. Anderson-Morshead
250 ## - EDITION STATEMENT
Edition statement Second edition.
260 ## - PUBLICATION, DISTRIBUTION, ETC.
Place of publication, distribution, etc. London :
Name of publisher, distributor, etc. The Universities' Mission to Central Africa.
Date of publication, distribution, etc. 1899.
300 ## - PHYSICAL DESCRIPTION
Extent 494 pages [with various pages ] :
Other physical details illustrations.
504 ## - BIBLIOGRAPHY, ETC. NOTE
Bibliography, etc. note Includes an index.
610 ## - SUBJECT ADDED ENTRY--CORPORATE NAME
Corporate name or jurisdiction name as entry element Universities' Mission to Central Africa.
650 ## - SUBJECT ADDED ENTRY--TOPICAL TERM
Topical term or geographic name entry element Missions
General subdivision Africa, Central.
650 ## - SUBJECT ADDED ENTRY--TOPICAL TERM
Topical term or geographic name entry element Universities' Mission to Central Africa
650 ## - SUBJECT ADDED ENTRY--TOPICAL TERM
Topical term or geographic name entry element Church of England
General subdivision Missions.
650 ## - SUBJECT ADDED ENTRY--TOPICAL TERM
Topical term or geographic name entry element Missions
Geographic subdivision Africa, Central.
700 ## - ADDED ENTRY--PERSONAL NAME
Personal name Yonge, Charlotte, Mary
710 ## - ADDED ENTRY--CORPORATE NAME
Corporate name or jurisdiction name as entry element Universities' Mission to Central Africa.
942 ## - ADDED ENTRY ELEMENTS (KOHA)
Koha item type Zambian collection
999 ## -
-- 216604
-- 216604
Holdings
Withdrawn status Lost status Source of classification or shelving scheme Damaged status Not for loan Home library Current library Shelving location Date acquired Total Checkouts Full call number Barcode Date last seen Copy number Price effective from Koha item type
    Library of Congress Classification     Main Library Main Library Special collections 04/15/2026   ZAMB BV 3625 AND 1899 33729006803949 04/15/2026 C.1 04/15/2026 Zambian collection
© 2026 - The University of Zambia Library - Koha v25.11